000 00675nam a2200229 a 4500
008
049 _aMAIN
090 _aQA911
100 1 _aYuan, S. W.
245 1 0 _aFoundations of fluid mechanics /
_c[by] S.W. Yuan.
260 _aLondon :
_bPrentice-Hall,
_cc1970.
300 _axxii, 608 p. :
_bill. ;
_c24 cm.
440 _aCivil engineering and engineering mechanics series.
504 _aIncludes bibliographical references.
500 _aIncludes index.
650 0 _aFluid dynamics.
907 _a.b10162306
_b02-06-05
_c09-05-05
003
005 20230123134007.0
040 _cNUST
942 _cBOOKS
_kQA911
999 _c158166
_d158166